The function of accounting in economic development ; Turkey as a case study /

Bibliographic Details
Main Author: Seidler, Lee J.
Format: Book
Language:English
Published: New York : Praeger, [1967]
Series:Praeger special studies in international economics and development.
Subjects:

MARC

Tag First Indicator Second Indicator Subfields
LEADER 00000cam a2200000 4500
001 in00000059223
005 20151008051542.0
008 720125s1967 nyu b 00000 eng u
010 |a  67023749  
035 |a (OCoLC)00227985 
035 |9 AAG8622AM 
040 |c WSU  |d TXA  |d UtOrBLW 
049 |a TXAM  |c [477772] 
050 0 |a HC405  |b .S43 
092 |a 336.4961  |b S458f 
100 1 |a Seidler, Lee J. 
245 1 4 |a The function of accounting in economic development ;  |b Turkey as a case study /  |c [by] Lee J. Seidler. 
264 1 |a New York :  |b Praeger,  |c [1967] 
300 |a 346 pages 
336 |a text  |b txt  |2 rdacontent 
337 |a unmediated  |b n  |2 rdamedia 
338 |a volume  |b nc  |2 rdacarrier 
490 1 |a Praeger special studies in international economics and development 
504 |a Bibliography: pages 335-346. 
650 0 |a Fiscal policy  |z Turkey. 
650 0 |a Finance, Public  |z Turkey  |x Accounting. 
651 0 |a Turkey  |x Economic policy. 
830 0 |a Praeger special studies in international economics and development. 
999 |a MARS 
999 f f |s 2e7f5cfe-ff98-3efb-a138-3897e8de1804  |i dfb40a00-d5ac-31c2-a952-83e6281b10a1  |t 0 
952 f f |p ric  |a Texas A&M University  |b Rellis Campus  |c Joint Library Facility  |d Remote Storage  |t 0  |e HC405 .S43  |h Library of Congress classification  |i unmediated -- volume  |m A14800751632 
998 f f |a HC405 .S43  |t 0  |l Remote Storage